[Event "Mittelrhein Verbandsliga-O 16/17"]
[Site "Nordrheinwestfalen"]
[Date "2016.09.11"]
[Round "1"]
[White "Eberl, Christian"]
[Black "Reckers, Sebastian"]
[Result "1/2-1/2"]
[WhiteElo "1596"]
[BlackElo "1801"]
[PlyCount "80"]
[EventDate "2016.09.11"]
[EventType "team-tourn"]
[EventRounds "11"]
[EventCountry "GER"]
[SourceTitle "EXT 2022"]
[Source "ChessBase"]
[SourceDate "2021.10.06"]
[SourceVersion "1"]
[SourceVersionDate "2021.10.06"]
[SourceQuality "1"]
[WhiteTeam "Bergische SF II"]
[BlackTeam "Euskirchen Turm"]
[WhiteTeamCountry "GER"]
[BlackTeamCountry "GER"]

1. e4 c5 2. Nf3 d6 3. d4 cxd4 4. Nxd4 Nf6 5. Nc3 a6 6. Be2 e5 7. Nb3 Be7 8. 0-0 0-0 9. Be3 Be6 10. f3 Qc7 11. Rc1 Nbd7 12. Nd5 Nxd5 13. exd5 Bf5 14. c4 Rac8 15. Nd2 Qa5 16. Qb3 Nc5 17. Qc3 Qc7 18. b3 Bf6 19. Kh1 Qe7 20. Bxc5 Rxc5 21. Ne4 Bxe4 22. fxe4 Bg5 23. Rc2 Qd7 24. Qf3 f5 25. exf5 g6 26. g4 Rc7 27. Qe4 Qg7 28. Bd3 gxf5 29. gxf5 Qh6 30. Rg2 Kh8 31. Qg4 Rg7 32. Be2 Bf4 33. Qxg7+ Qxg7 34. Rxg7 Kxg7 35. Rg1+ Kf6 36. Bd3 b6 37. h3 a5 38. Rg2 Re8 39. Be4 Rf8 40. Kg1 Re8 1/2-1/2

[Event "Bergisch Gladbach-ch"]
[Site "Bergisch Gladbach"]
[Date "2008.08.29"]
[Round "3"]
[White "Grothe, Karl Josef"]
[Black "Eberl, Christian"]
[Result "0-1"]
[WhiteElo "1410"]
[BlackElo "1558"]
[PlyCount "140"]
[EventDate "2008.08.15"]
[EventType "swiss"]
[EventRounds "7"]
[EventCountry "GER"]
[SourceTitle "EXT 2011"]
[Source "ChessBase"]
[SourceDate "2010.11.26"]
[SourceVersion "1"]
[SourceVersionDate "2010.11.26"]
[SourceQuality "1"]

1. c4 e5 2. Nc3 Nf6 3. e4 Nc6 4. d3 Bc5 5. Nf3 h6 6. Be3 Bxe3 7. fxe3 d6 8. Be2 0-0 9. h3 Nh7 10. Nd5 f5 11. 0-0 fxe4 12. dxe4 Be6 13. a3 Ne7 14. Nh2 c6 15. Bg4 Rxf1+ 16. Qxf1 Bxg4 17. Nxe7+ Qxe7 18. Nxg4 Rf8 19. Qe2 Ng5 20. Nf2 Qf6 21. Rf1 Qg6 22. b4 Rf6 23. c5 Kh7 24. cxd6 Rxd6 25. Qg4 Qe8 26. h4 Nf7 27. h5 g6 28. Nh3 gxh5 29. Qxh5 Rg6 30. Qf5 Nd6 31. Qf3 Qg8 32. Kh2 Rg4 33. Nf2 Rh4+ 34. Nh3 Rxe4 35. Rd1 Qf7 36. Rxd6 Qxf3 37. gxf3 Rxe3 38. f4 exf4 39. Nxf4 Re7 40. Nh5 Re2+ 41. Kg1 Re3 42. a4 Rb3 43. Rd7+ Kg6 44. Nf4+ Kf5 45. Rf7+ Ke4 46. Ne2 Ke3 47. Re7+ Kd2 48. b5 cxb5 49. axb5 Rxb5 50. Nd4 Rb1+ 51. Kg2 a5 52. Rh7 a4 53. Rd7 Rb2 54. Kf3 Kc3 55. Ne2+ Kc4 56. Rc7+ Kd5 57. Rd7+ Kc6 58. Rh7 a3 59. Rxh6+ Kc5 60. Nc1 Kc4 61. Rh7 b5 62. Rc7+ Kd4 63. Rd7+ Kc4 64. Rc7+ Kd5 65. Rd7+ Kc6 66. Rd3 b4 67. Rb3 Kb5 68. Ke3 Rxb3+ 69. Nxb3 Kc4 70. Nc1 b3 0-1

[Event "Bergisch Gladbach-ch"]
[Site "Bergisch Gladbach"]
[Date "2008.08.22"]
[Round "2"]
[White "Eberl, Christian"]
[Black "Quentel, Milan"]
[Result "0-1"]
[WhiteElo "1558"]
[BlackElo "1351"]
[PlyCount "62"]
[EventDate "2008.08.15"]
[EventType "swiss"]
[EventRounds "7"]
[EventCountry "GER"]
[SourceTitle "EXT 2011"]
[Source "ChessBase"]
[SourceDate "2010.11.26"]
[SourceVersion "1"]
[SourceVersionDate "2010.11.26"]
[SourceQuality "1"]

1. e4 c6 2. d4 d5 3. e5 Bf5 4. Nf3 e6 5. Be2 c5 6. 0-0 Nc6 7. Nc3 Qb6 8. dxc5 Bxc5 9. Na4 Qa5 10. c3 Be7 11. Nd4 Nxe5 12. Bb5+ Kf8 13. b4 Qc7 14. f4 a6 15. Be2 Nc6 16. Nxf5 exf5 17. Qxd5 g6 18. Be3 Nf6 19. Qf3 b5 20. Nc5 Bxc5 21. Bxc5+ Kg7 22. Rad1 Ne4 23. Rd5 Ne7 24. Bxe7 Qxe7 25. Rfd1 Rhd8 26. c4 Rxd5 27. Rxd5 Qxb4 28. cxb5 axb5 29. Rxb5 Qd4+ 30. Kh1 Nf2+ 31. Kg1 Nh3+ 0-1

[Event "Bergisch Gladbach-ch"]
[Site "Bergisch Gladbach"]
[Date "2007.08.28"]
[Round "2"]
[White "Eberl, Christian"]
[Black "Willmes, Martin"]
[Result "1/2-1/2"]
[WhiteElo "1580"]
[BlackElo "1102"]
[PlyCount "81"]
[EventDate "2007.08.24"]
[EventType "swiss"]
[EventRounds "7"]
[EventCountry "GER"]
[SourceTitle "EXT 2011"]
[Source "ChessBase"]
[SourceDate "2010.11.26"]
[SourceVersion "1"]
[SourceVersionDate "2010.11.26"]
[SourceQuality "1"]

1. e4 c5 2. Nf3 Nc6 3. d4 cxd4 4. Nxd4 e5 5. Nxc6 bxc6 6. Bc4 Nf6 7. Qf3 Be7 8. 0-0 0-0 9. Nc3 d6 10. h3 Be6 11. Bd3 d5 12. Bg5 d4 13. Ne2 c5 14. c4 a5 15. b3 a4 16. Bc2 axb3 17. axb3 Qd7 18. Qd3 Rad8 19. f4 Qc7 20. f5 Bd7 21. Qg3 Nh5 22. Qh4 Bxg5 23. Qxg5 Nf6 24. Rf3 h6 25. Qh4 Kh8 26. g4 Nh7 27. Raf1 f6 28. Qg3 Bc6 29. Nc1 Ng5 30. h4 Nxf3+ 31. Qxf3 Qe7 32. Qh3 Rd6 33. Re1 Rfd8 34. Nd3 R6d7 35. Nf2 Qf7 36. g5 Qh5 37. Bd1 Qe8 38. Bc2 Ra8 39. Nd3 Qf8 40. Qh2 Ra2 41. g6 1/2-1/2